00579nam a2200205 a 4500001001300000003000900013005001700022008004100039020002300080082001600103100002500119245006200144260002600206300000900232500003500241505001700276650002400293650003100317700002500348nice12345678IN_TiNIC20260116013849.0050524s1999 leia grp 000 0 eng  a9004995 c10000a297.35bLEE aLeeuwen, Richard Van aWaqfs and Urban Structuresb the Case of Ottoman Damascus aLeiden bBrill c1999 a232p aincludes index and biblioraphy2 aBibliography aWaqf-Ottoman Empire aIslamic-Law Ottoman Empire1 aLeeuwen, Richard Van